Costa Bárbara

Guardado en:
Detalles Bibliográficos
Autor principal: Mailer, Norman (autor)
Formato: Libro
Lenguaje:español
Publicado: Buenos Aires Tiempo Contemporáneo 1971
Colección:Colección Ficciones
Materias:
Etiquetas: Agregar Etiqueta
Sin Etiquetas, Sea el primero en etiquetar este registro!

MARC

LEADER 00000cam a2200000 a 4500
001 UCF6160
003 CL-VaPUC
008 130411e19710000AG |||||||||||||||||spa|d
082 0 4 |a 813  |b MAI  |2 21 
100 |a Mailer, Norman  |e autor  |9 599558 
245 1 0 |a Costa Bárbara 
300 |a 270 p 
942 |c BK 
945 |d 20130411 00:00:00  |a dcastane 
260 |a Buenos Aires  |b Tiempo Contemporáneo  |c 1971 
650 0 |a Novelas estadounidenses  |9 265217 
650 0 |a Literatura estadounidense  |9 317168 
583 |a last modification  |c 20130411 10:22:00  |k Rodrigo Vera 
490 0 |a Colección Ficciones 
999 |c 351474  |d 351472 
952 |0 0  |1 0  |4 0  |6 813_000000000000000_MAI_1971  |7 0  |8 A  |9 455611  |a BIBART  |b BIBART  |d 2019-11-22  |i 4963601  |o 813 MAI 1971  |p 4963601  |r 2025-03-13  |w 2019-11-22  |y BK  |k ART